ARCONoticas/ (Record no. 3145)

MARC details
000 -LEADER
campo de control de longitud fija 01395nam a22004457a 4500
003 - IDENTIFICADOR DE NÚMERO DE CONTROL
campo de control OSt
005 - FECHA Y HORA DE LA ÚLTIMA TRANSACCIÓN
campo de control 20230308113820.0
008 - DATOS DE LONGITUD FIJA--INFORMACIÓN GENERAL
campo de control de longitud fija 221006b |||||||| |||| 00| 0 eng d
020 ## - NÚMERO INTERNACIONAL ESTÁNDAR DEL LIBRO
Número Internacional Estándar del Libro 1136-6907
040 ## - FUENTE DE CATALOGACIÓN
Centro/agencia transcriptor Biblioteca Lado V
082 ## - NÚMERO DE LA CLASIFICACIÓN DECIMAL DEWEY
Número de clasificación 700.41
Número de ítem R744a
100 ## - ENTRADA PRINCIPAL--NOMBRE DE PERSONA
9 (RLIN) 525
Nombre de persona Rolando, Carlos
Término indicativo de función/relación autor
245 ## - MENCIÓN DEL TÍTULO
Título ARCONoticas/
260 ## - PUBLICACIÓN, DISTRIBUCIÓN, ETC.
Nombre del editor, distribuidor, etc. Feria Internacional de Arte Contemporáneo
Fecha de publicación, distribución, etc. 2000
Lugar de publicación, distribución, etc. Madrid
300 ## - DESCRIPCIÓN FÍSICA
Dimensiones 21x30cm
Extensión 104p.
490 ## - MENCIÓN DE SERIE
Mención de serie 18
Designación de volumen o secuencia 2000
505 ## - NOTA DE CONTENIDO CON FORMATO
Título Editorial
505 ## - NOTA DE CONTENIDO CON FORMATO
Título In Memorian Ruth Benzacar
505 ## - NOTA DE CONTENIDO CON FORMATO
Título ARCO 200 REVIEW
505 ## - NOTA DE CONTENIDO CON FORMATO
Título ARCO 2001 Preview
505 ## - NOTA DE CONTENIDO CON FORMATO
Título Galeria de Perfiles
505 ## - NOTA DE CONTENIDO CON FORMATO
Título Latinoamerica
505 ## - NOTA DE CONTENIDO CON FORMATO
Título Arte Electronico
505 ## - NOTA DE CONTENIDO CON FORMATO
Título Coleccionismo
505 ## - NOTA DE CONTENIDO CON FORMATO
Título Horizontes
505 ## - NOTA DE CONTENIDO CON FORMATO
Título Gallery Focus
505 ## - NOTA DE CONTENIDO CON FORMATO
Título Espacios para el Arte
505 ## - NOTA DE CONTENIDO CON FORMATO
Título De Interes
505 ## - NOTA DE CONTENIDO CON FORMATO
Título Noticias de la Asociación
505 ## - NOTA DE CONTENIDO CON FORMATO
Título Cuadernos
505 ## - NOTA DE CONTENIDO CON FORMATO
Título Who's Who en el reino unido
505 ## - NOTA DE CONTENIDO CON FORMATO
Título Grandes Citas Internacionales
505 ## - NOTA DE CONTENIDO CON FORMATO
Título Agenda de las Artes Visuales
650 ## - PUNTO DE ACCESO ADICIONAL DE MATERIA--TÉRMINO DE MATERIA
Fuente del encabezamiento o término Tesauro de Arte & Arquitectura
Término de materia o nombre geográfico como elemento de entrada ARTE
9 (RLIN) 703
650 ## - PUNTO DE ACCESO ADICIONAL DE MATERIA--TÉRMINO DE MATERIA
Fuente del encabezamiento o término Tesauro de Arte & Arquitectura
Término de materia o nombre geográfico como elemento de entrada NOTICIAS
650 ## - PUNTO DE ACCESO ADICIONAL DE MATERIA--TÉRMINO DE MATERIA
Fuente del encabezamiento o término Tesauro de Arte & Arquitectura
Término de materia o nombre geográfico como elemento de entrada CRITICA
650 ## - PUNTO DE ACCESO ADICIONAL DE MATERIA--TÉRMINO DE MATERIA
Fuente del encabezamiento o término Tesauro de Arte & Arquitectura
Término de materia o nombre geográfico como elemento de entrada APRECIACION
650 ## - PUNTO DE ACCESO ADICIONAL DE MATERIA--TÉRMINO DE MATERIA
Fuente del encabezamiento o término Tesauro de Arte & Arquitectura
Término de materia o nombre geográfico como elemento de entrada VISIBILIDAD
942 ## - ELEMENTOS DE ENTRADA SECUNDARIOS (KOHA)
Fuente del sistema de clasificación o colocación Clasificación Decimal Dewey
Tipo de ítem Koha Libros
Parte de la signatura que corresponde a la clasificación (Parte de la clasificación) 700.41
Parte de la signatura que identifica el ejemplar (Parte del ítem) R744a
Suprimir en OPAC No
Holdings
Estatus retirado Estado de pérdida Fuente del sistema de clasificación o colocación Especificación de materiales (volumen encuadernado u otra parte) Estado de daño No para préstamo Colección Biblioteca de origen Biblioteca actual Fecha de adquisición Enumeración/cronología de publicación seriada Número de inventario Total de préstamos Signatura topográfica completa Código de barras Visto por última vez Precio de reemplazo Tipo de ítem Koha
    Clasificación Decimal Dewey 2000     Revistas Biblioteca LadoV Biblioteca LadoV 08/03/2023 18 002443   700.41 R744a 002443 08/03/2023 08/03/2023 Libros